000 00669nam a2200217Ii 4500
003 JO-AjNU
008 230605s9999||||xx |||||||||||||| ||und||
017 _a2000/10/2904
040 _aJO-AjNU
_bara
_erda
_cJO-AjNU
041 _aara
050 1 4 _aPJ7805.R2.K57 2001
100 3 _aتأليف رضوان، عبدالله,
_eauthor
_949244
245 0 0 _aكتاب الرماد
250 _aط1
264 3 1 _aعمان:المؤسسة العربية للدراسات والنشر،2000
300 _a160ص
336 _atext
_btxt
_2rdacontent
337 _aunmediated
_bn
_2rdamedia
338 _avolume
_bnc
_2rdacarrier
650 4 _aالشعر العربي
_949245
999 _aA21617
_c25185
_d25185